Advances in Computational Methods and Technologies in Aeronautics and Industry /

This book provides research results using computational methods for fluid dynamics and engineering problems in aeronautics and other scientific and industrial applications. It gives an overview on the state of the art and the technology trends requiring advanced computational methods towards digitiz...

Full description

Bibliographic Details
Corporate Author: SpringerLink (Online service)
Other Authors: Knoerzer, Dietrich (Editor), Periaux, Jacques (Editor), Tuovinen, Tero (Editor)
Format: eBook
Language:English
Published: Cham : Springer International Publishing : Imprint: Springer, 2022.
Edition:1st ed. 2022.
Series:Computational Methods in Applied Sciences, 57
Subjects:
Online Access:Connect to the full text of this electronic book

MARC

Tag First Indicator Second Indicator Subfields
LEADER 00000nam a22000005i 4500
001 in00004659921
006 m o d
007 cr nn 008mamaa
008 221212s2022 sz | o |||| 0|eng d
005 20240805180151.8
020 |a 9783031120190  |z 9978-3-031-12019-0 
024 7 |a 10.1007/978-3-031-12019-0  |2 doi 
035 |a (DE-He213)978-3-031-12019-0 
050 4 |a TL1-4050 
072 7 |a TRP  |2 bicssc 
072 7 |a TTDS  |2 bicssc 
072 7 |a TEC002000  |2 bisacsh 
072 7 |a TRP  |2 thema 
072 7 |a TTDS  |2 thema 
082 0 4 |a 629.1  |2 23 
245 1 0 |a Advances in Computational Methods and Technologies in Aeronautics and Industry /  |c edited by Dietrich Knoerzer, Jacques Periaux, Tero Tuovinen. 
250 |a 1st ed. 2022. 
264 1 |a Cham :  |b Springer International Publishing :  |b Imprint: Springer,  |c 2022. 
300 |a 1 online resource (XVIII, 287 pages 165 illustrations, 137 illustrations in color) 
336 |a text  |b txt  |2 rdacontent 
337 |a computer  |b c  |2 rdamedia 
338 |a online resource  |b cr  |2 rdacarrier 
347 |a text file  |b PDF  |2 rda 
490 1 |a Computational Methods in Applied Sciences,  |x 2543-0203 ;  |v 57 
505 0 |a Drag Reduction in Turbulent Channel with Spanwise Traveling Wave of Blowing and Suction -- Two Validation Cases for Essentially Unsteady High-Speed Turbulent Flows -- Disciplinary Implications of a System Architecting Approach to Collaborative Aircraft Design -- Finite Element Solution of a Solder Filling Problem with Contact Angle -- Inverse Aerofoil Design Using Deep Neural Networks -- Variational Problem of Vibration Suppression for Thermoelastic Axially Moving Web -- Solving Multi-objective Optimal Design and Maintenance for Systems Based on Calendar Times Using GDE3 -- Numerical Simulation of Ducted Fan Aerodynamics and Aeroacoustics -- A Symmetric Algorithm for Solving Mechanical Contact Problems Using FreeFEM -- Active Vibration Control of Lattice Core Sandwich Structures Using Macro-Fiber Composite Actuators -- Integration of Statistical Mathematics and Machine Learning with CAE Expands the New Digital World for Manufacturing Industries -- Design and Testing a Full-Scale Laminar Wing Leading Edge High-Lift System -- A 2D Validation Experiment for Dynamic High-Lift System Aerodynamics -- Numerical Analysis of a Mechanical De-Icing Process by Low Frequency Oscillation of a CFRP Layer -- Working Title: Smart Morphing and Sensing for the Wings of the Future -- Game Theory and Multi-Objective Optimization: A Review of Concepts and Methods and their Extension to Solving Huge-Scale Optimization Problems -- Multidisciplinary Modelling, Analysis and Optimisation for Aircraft and System Level Design and Validation -- An Overview of ONERA Research at Aircraft Level towards Greener Aviation -- Direct Comparison of Dynamic Adaptive Metamodels in Multidisciplinary Optimization Frameworks. 
520 |a This book provides research results using computational methods for fluid dynamics and engineering problems in aeronautics and other scientific and industrial applications. It gives an overview on the state of the art and the technology trends requiring advanced computational methods towards digitization in industrial and scientific processes. The chapters are based on Special Technology Sessions of the WCCM-ECCOMAS Virtual Congress 2021. 
650 0 |a Aerospace engineering. 
650 0 |a Astronautics. 
650 0 |a Mathematics-Data processing. 
650 0 |a Industrial engineering. 
650 0 |a Production engineering. 
650 1 4 |a Aerospace Technology and Astronautics. 
650 2 4 |a Computational Mathematics and Numerical Analysis. 
650 2 4 |a Industrial and Production Engineering. 
655 7 |a Electronic books.  |2 local 
700 1 |a Knoerzer, Dietrich.  |e editor.  |4 edt  |4 http://id.loc.gov/vocabulary/relators/edt 
700 1 |a Periaux, Jacques.  |e editor.  |4 edt  |4 http://id.loc.gov/vocabulary/relators/edt 
700 1 |a Tuovinen, Tero.  |e editor.  |0 (orcid)0000-0001-7787-3836  |1 https://orcid.org/0000-0001-7787-3836  |4 edt  |4 http://id.loc.gov/vocabulary/relators/edt 
710 2 |a SpringerLink (Online service) 
773 0 |t Springer Nature eBook 
776 0 8 |i Printed edition:  |z 9783031120183 
776 0 8 |i Printed edition:  |z 9783031120206 
776 0 8 |i Printed edition:  |z 9783031120213 
830 0 |a Computational Methods in Applied Sciences,  |x 2543-0203 ;  |v 57 
856 4 0 |u http://proxy.library.tamu.edu/login?url=https://doi.org/10.1007/978-3-031-12019-0  |z Connect to the full text of this electronic book  |t 0 
950 |a Mathematics and Statistics (SpringerNature-11649) 
950 |a Mathematics and Statistics (R0) (SpringerNature-43713) 
955 |a Springer EBA Purchase 
999 f f |s 7011c642-66c8-45ab-9079-9c9c3bdfc565  |i 4f373eb6-a359-4d1b-a187-01d64743d4f3  |t 0 
952 f f |a Texas A&M University  |b College Station  |c Electronic Resources  |d Available Online  |t 0  |e TL1-4050   |h Library of Congress classification 
998 f f |a TL1-4050   |t 0  |l Available Online